Κλιματικη αλλαγή και συνέπειες υπό το πρίσμα της Ευρώπης : η Ελλάδα ως μελέτη περίπτωσης : πτυχιακή εργασία

Η παρούσα εργασία έχει να κάνει με την κλιματική αλλαγή και τις συνέπειες που αυτή προκαλεί. Το μεγαλύτερο κομμάτι της εργασίας είναι αφιερωμένο στην κλιματική αλλαγή ως ένα σύγχρονο πολυσυζητημένο θέμα που απασχολεί την κοινωνία και την οικονομία. Προκειμένου να δοθεί μια καθαρότερη εικόνα για την...

Πλήρης περιγραφή

Αποθηκεύτηκε σε:
Λεπτομέρειες βιβλιογραφικής εγγραφής
Κύριος συγγραφέας: Δελιάς, Στέφανος
Συγγραφή απο Οργανισμό/Αρχή: Πανεπιστήμιο Αιγαίου. Σχολή Περιβάλλοντος. Τμήμα Περιβάλλοντος
Μορφή: Thesis Βιβλίο
Γλώσσα:Greek
Δημοσίευση: 2015.
Θέματα:
Διαθέσιμο Online:http://hdl.handle.net/11610/10545
Ετικέτες: Προσθήκη ετικέτας
Δεν υπάρχουν, Καταχωρήστε ετικέτα πρώτοι!

MARC

LEADER 00000cam a2200000 a 4500
001 1/109389
008 151120s2015####gr | ||| |||| ||gre||
040 |a GR-MyUa  |b gre  |c GR-MyUa  |e AACR2 
041 0 |a gre 
082 7 |a 363.7387   |2 (23)  
100 1 |a Δελιάς, Στέφανος. 
245 1 0 |a Κλιματικη αλλαγή και συνέπειες υπό το πρίσμα της Ευρώπης :   |b η Ελλάδα ως μελέτη περίπτωσης : πτυχιακή εργασία /   |c του Δελιά Στέφανου ; υπεύθυνος καθηγητής: Ευαγγελινός Κωνσταντίνος.  
260 |c 2015.  
300 |a 62 σ. ;   |c 24 εκ.  
502 |a Πτυχιακή εργασία – Πανεπιστήμιο Αιγαίου, Λέσβος, 2015. 
504 |a Περιλαμβάνει βιβλιογραφία.  
506 0 |a Ηλεκτρονική διάθεση στο πλήρες κείμενο - ελεύθερης πρόσβασης.  
520 8 |a Η παρούσα εργασία έχει να κάνει με την κλιματική αλλαγή και τις συνέπειες που αυτή προκαλεί. Το μεγαλύτερο κομμάτι της εργασίας είναι αφιερωμένο στην κλιματική αλλαγή ως ένα σύγχρονο πολυσυζητημένο θέμα που απασχολεί την κοινωνία και την οικονομία. Προκειμένου να δοθεί μια καθαρότερη εικόνα για την κλιματική αλλαγή και να εξηγηθεί ο ρόλος και η σημασία της για το περιβάλλον, γίνεται σύνδεση του θέματος με το ρόλο που διαδραματίζει η Ευρωπαϊκή Ένωση. Υπό το πρίσμα αυτής, αναλύονται κριτικά όλα τα μέσα που χρησιμοποιούνται και σχετίζονται άμεσα με το εξετάζον θέμα.  
650 0 |a Environmental protection  |x International cooperation. 
650 0 |a Climatic changes  |x International cooperation. 
650 0 |a Climatic changes  |x Government policy. 
700 1 |a Ευαγγελινός, Κωνσταντίνος,  |e dgs 
710 2 |a Πανεπιστήμιο Αιγαίου.   |b Σχολή Περιβάλλοντος.   |b Τμήμα Περιβάλλοντος. 
852 |a INST  |b LESVOS  |c DIATR  |e 20151120  |h 1659  |p 005100057910  |q 005100057910  |t DIE  |y 23 
852 |a INST  |b LESVOS  |c DIATR  |e 20151120  |h 1660  |p 005100057909  |q 005100057909  |t DIE  |y 23 
856 |u http://hdl.handle.net/11610/10545 
924 |a Δελιάς  |b Στέφανος  |y Λέσβος  |z 2015-05 
970 |a Τζαφέρη  |b Ευαγγελία  |z 20-11-2015